Word Ladder: An Irate Internet Meme Quiz Stats

 Plays Quiz Updated Mar 4, 2017

Support Sporcle.
Go Orange.
Score 0/10 Timer 01:00
2 Plays Today
Hint 4-Letter Word % Correct
Tortoise's opponent in a racing parableHARE
94%
To employHIRE
93.9%
Rubber part of an automobile wheelTIRE
93%
Rectangular slab of flooring TILE
92.8%
Charge for using public transportationFARE
91.6%
Having little or no colorPALE
89.8%
An epic yarnTALE
86.5%
Singular component displaying words in a bookPAGE
81%
Popular internet meme comic with [last rung]
or Dylan Thomas line: '___, ___ against the dying of the light.'
•RAGE•
61.4%
Popular internet meme comic with [first rung]
or Surface on which a person might display their countenance
•FACE•
54.4%

Today's Daily Dose

You're not logged in!

Compare scores with friends on all Sporcle quizzes.
OR
Log In
Forgot?

From the Vault

Almost Useless Movie Trivia V

by bradjones

Movies 6m
Almost useless doesn't mean 'completely useless', and that's good enough for us!
Remove Ads.
Support Sporcle.
Get the best of Sporcle when you Go Orange. This ad-free experience offers more features, more stats, and more fun while also helping to support Sporcle. Thank you for becoming a member.

Show Comments

Extras

Top Quizzes Today


Score Distribution

Your Account Isn't Verified!

In order to create a playlist on Sporcle, you need to verify the email address you used during registration. Go to your Sporcle Settings to finish the process.

Report this User

Report this user for behavior that violates our Community Guidelines.

Details: